000 00438nam a2200169 i 4500
001 bg
100 1 _aBOJARINOV, A. I.
245 0 _aMetody optymalizacii v chimičeskoj technologii /
_cA.J. Bojarinov, V.V. Kafarov.
250 _aIzd.2 pererab. i dopoln.
260 _aMoskva,
_c1975.
700 1 _aKAFAROV, V. V.
040 _cBPK
041 _apol
080 _a66.012
942 _cKS
008 s pl f |000 0 pol
999 _c16268
_d16268
856 _uhttp://koha.tu.koszalin.pl/cgi-bin/koha/opac-detail.pl?biblionumber=16268
_yKatalog online BPK